Представление документа в формате RUSMARC

ПолеНазваниеЗначение
  Тип записи a
  Библиографический уровень m
001 Контрольный номер RU/IS/BASE/210428481
005 Дата корректировки 20210622084135.3
010 Индекс ISBN __
a ISBN 5-7931-0196-9
d Цена 63-20
200 Заглавие и сведения об ответственности 0_
a Заглавие Секреты наследственности человека
f Первые сведения об ответственности С. Ю. Афонькин
210 Выходные данные 1_
a Место издания СПб.
c Издательство Корона-Принт
d Дата издания 2002
215 Физическое описание __
a Объем 345, [7] с.
c Иллюстрации/тип воспроизводства ил.
318 Примечание о действии __
a Действие п
330 Аннотация __
a Аннотация Книга рассказывает о наследственных заболеваниях человека и о роли генов в его наследственности. Уделяется внимание роли хромосом и генов в определении пола, их влиянии на различные системы органов. С генетической точки зрения рассматриваются такие распространенные заболевания, как гемофилия, диабет и повышенное содержание холестерина в крови. Изложены последние данные о влиянии наследственности на процессы старения и возникновения раковых опухолей.
606 Тематические рубрики __
a Основная рубрика Медицина
610 Ключевые слова 0_
a Ключевые слова гемофилия
a Ключевые слова генная терапия
a Ключевые слова диабет
a Ключевые слова наследственность
a Ключевые слова наследственные заболевания
a Ключевые слова процессы старения
a Ключевые слова распространение заболеваний
686 Индексы других классификаций __
a Индекс ББК 54.11
700 Автор _1
a Фамилия Афонькин
b Имя С. Ю.
g Полное личное имя Сергей Юрьевич
801 Источник записи _0
a Страна RU
b Организация ЦРБ, Сургут
g Правила каталогизации ОКиО/Сычева
801 Источник записи _1
a Страна RU
b Организация ЦРБ, Сургут
g Правила каталогизации ОКиО/Сычева
852 Данные о местонахождении __
j Шифр хранения 54.11
i Авторский знак А 947
p Инвентарный номер 83019
b Сигла хранения ООЧ; 8; 26
901 Тип документа __
t Тип документа m
990 Данные о заказе (DOS) __
h N записи в КСУ для Б/У (DOS) 2004-4
j Количество экземпляров (DOS) 3